[Event "Stay Safe Play From Home 175"]
[Site "T#646355Emanuel Laske"]
[Date "2020.05.26"]
[Round "1"]
[White "AChessPlayer"]
[Black "The Next Contender"]
[Result "1-0"]
[WhiteElo "2440"]
[BlackElo "1891"]
[Annotator "TA"]
[PlyCount "103"]
[EventDate "2020.05.26"]
[EventType "swiss (blitz)"]

{[%evp 21,103,84,93,52,80,68,88,10,14,0,0,0,9,-55,0,0,0,0,16,8,35,-295,-285,-285,-285,-289,-301,-275,17,12,13,12,20,-209,175,166,381,221,318,270,233,194,239,227,264,241,216,182,166,147,542,560,556,514,622,657,657,644,628,618,1158,1131,1278,1285,1606,1622,1832,1798,2416,2022,1668,1591,12843,6822,29994,1516,2331,1371,29994,29987,29987,29988,29994,29995]} 1. Nf3 d5 2. g3 c5 3. Bg2 e6 4. O-O Nf6 5. c4 g6 6. e3 Bg7 7. cxd5 Nxd5 8. d4 O-O 9. Nc3 Nxc3 10. bxc3 {[#]} cxd4 $146 ({Predecessor:} 10... Qa5 11. Qb3 Nc6 12. Ba3 c4 13. Qb2 Rd8 14. Nd2 Qa6 15. e4 Nxd4 16. cxd4 Bxd4 {½-½ (59) Szonyi,B-Juhasz,M Hungary 1995}) 11. cxd4 Nc6 12. Qe2 {D75: Fianchetto Grünfeld: Main Line with 7...c5.} Qc7 13. Rd1 b6 {[#]} 14. Bd2 (14. Ne5 $1 $16 {[%mdl 512]} Bxe5 (14... Nxe5 15. Bxa8) 15. dxe5) 14... Bb7 $11 15. Be1 Rac8 {[%cal Ba8c8,Bc8c5,Bc5c1,Bc1d1][%mdl 32]} 16. Rac1 Qe7 17. a3 (17. Qb5 $11) 17... Rfd8 (17... Qxa3 $15 18. Rc3 Qe7) 18. a4 Nb4 {[%cal Bc6b4,Bb4d5,Bd5e7][%mdl 32]} 19. h4 Nd5 20. Qb2 Rc5 21. Bb4 $2 {[%mdl 8192]} (21. Ra1 $14 {stays ahead.}) 21... Rxc1 $19 22. Bxe7 Rxd1+ 23. Kh2 Nxe7 24. Qc2 Ra1 $2 ({Black should try} 24... Bxf3 $1 $19 25. Bxf3 Rf1) 25. Qc7 $1 $36 {[%csl LRb7,LRd8,LRe7][%mdl 2112] Double Attack. White has some pressure.} Rc8 26. Qxb7 Bf8 $1 {...Ra2 is the strong threat.} 27. Qxa7 $2 {[#]} (27. Ne5 $11 {and White is okay.}) 27... Rac1 $4 {[%mdl 8192]} (27... Ra2 $1 $19 {and all is fine. Strongly threatening ...Rcc2.} 28. e4 Rcc2) 28. Ne5 $18 ({Much less strong is} 28. Qxb6 $6 R1c2 $16) 28... Ra1 $2 (28... R1c2 {is a better defense.}) 29. Nd7 (29. d5 $142 {Threatens to win with d6.} exd5 {[#]} 30. Bxd5 $1 {[%mdl 512]} (30. Qxb6 Bg7 $18)) 29... Rcc1 (29... Rc2 $142 30. Qxb6 Raa2) 30. Nxf8 Kxf8 31. g4 Rc8 32. Kg3 ({Don't take} 32. Qxb6 $6 Rxa4 33. Bb7 Re8) 32... Rc4 33. Qb8+ Rc8 34. Qxb6 {And now a5 would win.} Rxa4 35. Qd6 Raa8 $2 {[%mdl 8192]} (35... Ra5 $16 {is more resistant.} 36. Qb4 Ra2) 36. Bxa8 Rxa8 {[%mdl 4096] Endgame KQ-KRN} 37. Qe5 Re8 38. Qh8+ Ng8 39. Qxh7 Ke7 40. g5 Rf8 41. Qg7 Re8 42. e4 Rf8 43. d5 Re8 44. f4 exd5 45. exd5 Rd8 46. Qe5+ Kf8 47. d6 Ne7 48. Qh8+ (48. Qxe7+ $142 Kg8 49. Qxd8+ Kg7 50. Qf6+ Kh7 51. d7 Kg8 52. d8=Q+ Kh7 53. Qxf7#) 48... Ng8 {[#]} 49. d7 $1 Re8 (49... Rxd7 50. f5) 50. h5 {White mates.} Rd8 51. h6 Rxd7 52. h7 {[%mdl 64] Pin. Accuracy: White = 58%, Black = 38%.} 1-0

[Event "Stay Safe Play From Home 175"]
[Site "T#646355Emanuel Laske"]
[Date "2020.05.26"]
[Round "1"]
[White "Mepe_Nika"]
[Black "Haxhi Baha"]
[Result "1-0"]
[WhiteElo "2306"]
[BlackElo "1979"]
[Annotator "TA"]
[PlyCount "99"]
[EventDate "2020.05.26"]
[EventType "swiss (blitz)"]

{[%evp 9,99,0,0,0,0,0,0,0,0,-25,12,-15,-10,0,6,0,0,14,69,53,60,60,76,-45,-50,-36,-26,-10,14,12,44,47,93,77,116,116,144,151,141,143,147,143,135,126,238,247,303,236,274,241,324,318,311,298,389,391,448,439,436,444,722,708,748,743,29976,29977,29977,29978,29983,29984,29984,29985,29985,29986,29986,29987,29987,29988,29991,29987,29992,29988,29993,29993,29994,29991,29998,29997,29998,29998,29998,29999]} 1. d4 d5 2. Bf4 e6 3. e3 Bd6 4. Bg3 Qe7 5. Nf3 Bxg3 6. hxg3 {D00: 1 d4 d5: Unusual lines.} Qb4+ 7. Nbd2 Qxb2 8. c4 {The position is equal.} Nf6 9. Bd3 (9. Rb1 $5 {[%cal Rb1b2]} Qxa2 10. Qc1 $11) 9... Qc3 {[#]} 10. Ne5 $146 ({Predecessor:} 10. Ke2 Ng4 11. Qb1 c6 12. Rc1 Qa5 13. Bxh7 Nf6 14. Bd3 Nbd7 15. Rh1 Rf8 16. Qc2 {1-0 (31) Foermes,A (2074)-Schellen,S (1835) Heusenstamm 2019}) 10... Nbd7 11. Rc1 Qa3 12. cxd5 Nxe5 13. dxe5 Nd7 (13... Nxd5 $11 14. Nc4 Qe7) 14. dxe6 Qxd3 15. exd7+ Bxd7 16. Qc2 (16. Rxc7 $16 {And now Nc4 would win.} O-O 17. Qb3 (17. Rxb7 Bb5 $14) 17... Qxb3 18. Nxb3 (18. axb3 Rfc8 $14)) 16... Qxc2 $15 17. Rxc2 Bc6 18. f3 O-O 19. Kf2 Rfd8 20. Nb3 Rd3 {Black is on the road to losing.} 21. Nd4 Rd8 22. Re1 ({Resist} 22. Nxc6 Rd2+ 23. Kg1 (23. Rxd2 Rxd2+ 24. Kg1 bxc6 $11) 23... bxc6 $11) 22... h5 23. Nxc6 bxc6 24. Rxc6 $16 {[%mdl 4096] Endgame KRR-KRR} Rd2+ 25. Re2 Rxe2+ 26. Kxe2 {KR-KR} Rd7 (26... Rd5 $16) 27. f4 $18 g6 28. Kf3 Kf8 29. g4 Ke7 30. gxh5 gxh5 31. Rh6 Rd2 32. Ra6 Kd7 33. Rxa7 Kc6 34. g3 Kb6 (34... Rd1 $142 35. Ra8 Kd7) 35. Ra8 c5 36. f5 c4 37. e6 {White mates.} fxe6 38. fxe6 Rd6 39. e7 Rf6+ 40. Ke2 Re6 41. e8=Q Rxe8 42. Rxe8 {KR-KPP} Kc5 43. Kd2 Kb4 44. Kc2 c3 45. Rh8 Kc4 46. Rxh5 Kb4 47. Rh4+ Ka3 48. Kxc3 Kxa2 49. Kc2 {[%cal Rh4a4]} Ka3 50. Rc4 {Accuracy: White = 78%, Black = 37%.} 1-0

[Event "Stay Safe Play From Home 175"]
[Site "T#646355Emanuel Laske"]
[Date "2020.05.26"]
[Round "1"]
[White "SoulofWolf"]
[Black "Haris kollari 13"]
[Result "1-0"]
[WhiteElo "2212"]
[BlackElo "1656"]
[Annotator "NA"]
[PlyCount "59"]
[EventDate "2020.05.26"]
[EventType "swiss (blitz)"]

1. c4 {[%emt 0:00:01]} d6 {[%emt 0:00:01]} 2. Nc3 {[%emt 0:00:01]} c5 {[%emt 0:00:00]} 3. d4 {[%emt 0:00:00]} cxd4 {[%emt 0:00:02]} 4. Qxd4 {[%emt 0:00:00]} e5 {[%emt 0:00:01]} 5. Qd1 {[%emt 0:00:02]} Be6 {[%emt 0:00:01]} 6. b3 {[%emt 0:00:03]} f5 {[%emt 0:00:02]} 7. Bb2 {[%emt 0:00:01]} Nf6 {[%emt 0:00:01]} 8. e3 {[%emt 0:00:01]} Nc6 {[%emt 0:00:01]} 9. Nge2 {[%emt 0:00:00]} Be7 {[%emt 0:00:01]} 10. Ng3 {[%emt 0:00:01]} O-O {[%emt 0:00:01]} 11. Bd3 {[%emt 0:00:01]} Qc8 {[%emt 0:00:03]} 12. O-O {[%emt 0:00:01]} g6 {[%emt 0:00:01]} 13. a3 {[%emt 0:00:01]} h5 {[%emt 0:00:01]} 14. Qd2 {[%emt 0:00:02]} e4 {[%emt 0:00:02]} 15. Bc2 {[%emt 0:00:02]} Kg7 {[%emt 0:00:01]} 16. Rad1 {[%emt 0:00:01]} Kh7 {[%emt 0:00:05]} 17. Nd5 {[%emt 0:00:06]} Nxd5 {[%emt 0:00:03]} 18. cxd5 {[%emt 0:00:01]} h4 {[%emt 0:00:09]} 19. Ne2 {[%emt 0:00:03]} Ne5 {[%emt 0:00:03]} 20. Bxe5 {[%emt 0:00:04]} dxe5 {[%emt 0:00:02]} 21. dxe6 {[%emt 0:00:01]} Qxe6 {[%emt 0:00:01]} 22. Qd5 {[%emt 0:00:06]} Qf6 {[%emt 0:00:02]} 23. Qxb7 {[%emt 0:00:03]} Rfb8 {[%emt 0:00:08]} 24. Qd7 {[%emt 0:00:06]} Rd8 {[%emt 0:00:01]} 25. Qb5 {[%emt 0:00:02]} Rdb8 {[%emt 0:00:01]} 26. Qa4 {[%emt 0:00:01]} Rc8 {[%emt 0:00:01]} 27. b4 {[%emt 0:00:01]} Rc4 {[%emt 0:00:03]} 28. Bb3 {[%emt 0:00:01]} Rc7 {[%emt 0:00:02]} 29. Rd7 {[%emt 0:00:01]} Rac8 {[%emt 0:00:02]} 30. Rfd1 {[%emt 0:00:02] Time} 1-0

[Event "Stay Safe Play From Home 175"]
[Site "T#646355Emanuel Laske"]
[Date "2020.05.26"]
[Round "1"]
[White "Lamborghini"]
[Black "Matanant"]
[Result "1-0"]
[WhiteElo "2200"]
[BlackElo "1683"]
[Annotator "TA"]
[PlyCount "39"]
[EventDate "2020.05.26"]
[EventType "swiss (blitz)"]

{[%evp 9,39,-27,-28,-79,-10,-10,15,0,29,0,35,1,24,16,28,0,50,0,89,30,66,0,91,0,44,0,-19,-22,69,14,558,551]} 1. e4 e5 2. Nf3 d5 3. d3 dxe4 4. dxe4 Qxd1+ 5. Kxd1 Bd6 {[#]} 6. c3 $146 {C40: Latvian and Elephant Gambits.} (6. Bd3 $11) ({Predecessor:} 6. Bc4 Nf6 7. Nc3 O-O 8. Re1 Nc6 9. Be3 h6 10. Re2 b6 11. Rd2 Bb4 12. a3 Bxc3 13. bxc3 Nxe4 {1-0 (34) Teklehaimanot,Y-Youwou Pedhom,G Casablanca 2019}) 6... Ne7 (6... Nf6 $17) 7. Kc2 $11 O-O 8. Bd3 {The position is equal.} Nbc6 9. Nbd2 f5 10. h3 fxe4 11. Nxe4 Bf5 12. Re1 Rad8 13. b4 a6 {[#]} (13... h6 $11) 14. Bd2 (14. Bc4+ $1 $16 Kh8 15. Nfg5) 14... Nd5 {[%cal Rd6b4]} 15. Rad1 (15. Bg5 $14) 15... Nf4 (15... Be7 $11 {remains equal.}) 16. Bf1 (16. Bxf4 $16 exf4 17. Nxd6 Rxd6 18. Bxf5 Rxf5 19. Rxd6 cxd6 20. Re6) 16... h6 (16... Nxh3 $5 17. gxh3 Bxe4+ 18. Rxe4 Rxf3 $11) 17. Kb3 ({Better is} 17. Bxf4 $14 exf4 18. Bc4+ Kh8 19. Kb2) 17... Be6+ 18. Kb2 {[#]} b5 (18... Nxh3 $1 $11 {[%mdl 512]} 19. Be3 (19. gxh3 Rxf3) 19... Nf4) 19. Bxf4 (19. Be3 $14) 19... exf4 $4 {[%mdl 8192]} (19... Rxf4 $11 {and Black is okay.} 20. Nfd2 Bd5) 20. Nxd6 {Accuracy: White = 26%, Black = 21%.} 1-0

[Event "Stay Safe Play From Home 175"]
[Site "T#646355Emanuel Laske"]
[Date "2020.05.26"]
[Round "1"]
[White "Lazieri3"]
[Black "Justwatch"]
[Result "1-0"]
[WhiteElo "2105"]
[BlackElo "1712"]
[Annotator "RC"]
[PlyCount "105"]
[EventDate "2020.05.26"]
[EventType "swiss (blitz)"]

1. e4 {[%emt 0:00:01]} Nf6 {[%emt 0:00:00]} 2. Nc3 {[%emt 0:00:00]} e5 {[%emt 0:00:02]} 3. Nf3 {[%emt 0:00:01]} d6 {[%emt 0:00:00]} 4. d4 {[%emt 0:00:01]} Nc6 {[%emt 0:00:00]} 5. dxe5 {[%emt 0:00:01]} Nxe5 {[%emt 0:00:01]} 6. Bb5+ {[%emt 0:00:02]} Bd7 {[%emt 0:00:01]} 7. Nxe5 {[%emt 0:00:00]} dxe5 {[%emt 0:00:02]} 8. Bxd7+ {[%emt 0:00:02]} Qxd7 {[%emt 0:00:01]} 9. Qxd7+ {[%emt 0:00:01]} Nxd7 {[%emt 0:00:00]} 10. Be3 {[%emt 0:00:01]} O-O-O {[%emt 0:00:01]} 11. O-O-O {[%emt 0:00:00]} Bb4 {[%emt 0:00:01]} 12. Nd5 {[%emt 0:00:01]} Bd6 {[%emt 0:00:02]} 13. Bxa7 {[%emt 0:00:02]} b6 {[%emt 0:00:01]} 14. c4 {[%emt 0:00:04]} Kb7 {[%emt 0:00:01]} 15. c5 {[%emt 0:00:00]} Bxc5 {[%emt 0:00:02]} 16. f3 {[%emt 0:00:03]} Kxa7 {[%emt 0:00:01]} 17. a3 {[%emt 0:00:00]} Kb7 {[%emt 0:00:01]} 18. b4 {[%emt 0:00:01]} Bd6 {[%emt 0:00:00]} 19. Kb2 {[%emt 0:00:01]} Nf6 {[%emt 0:00:01]} 20. Ne3 {[%emt 0:00:01]} Nd7 {[%emt 0:00:02]} 21. Nf5 {[%emt 0:00:01]} Nb8 {[%emt 0:00:03]} 22. Nxg7 {[%emt 0:00:01]} Rhg8 {[%emt 0:00:01]} 23. Nf5 {[%emt 0:00:01]} Rxg2+ {[%emt 0:00:00]} 24. Kb3 {[%emt 0:00:01]} Nc6 {[%emt 0:00:00]} 25. h4 {[%emt 0:00:03]} Rf2 {[%emt 0:00:02]} 26. Rd3 {[%emt 0:00:02]} Nd4+ {[%emt 0:00:02]} 27. Nxd4 {[%emt 0:00:01]} exd4 {[%emt 0:00:00]} 28. Rxd4 {[%emt 0:00:00]} Be7 {[%emt 0:00:00]} 29. Rxd8 {[%emt 0:00:02]} Bxd8 {[%emt 0:00:00]} 30. Rh3 {[%emt 0:00:00]} Bf6 {[%emt 0:00:02]} 31. h5 {[%emt 0:00:01]} b5 {[%emt 0:00:01]} 32. Rg3 {[%emt 0:00:02]} Be5 {[%emt 0:00:02]} 33. Rg5 {[%emt 0:00:01]} f6 {[%emt 0:00:01]} 34. Rf5 {[%emt 0:00:02]} Rxf3+ {[%emt 0:00:00]} 35. Rxf3 {[%emt 0:00:01]} Kc6 {[%emt 0:00:00]} 36. Rd3 {[%emt 0:00:01]} Kb6 {[%emt 0:00:00]} 37. Rd5 {[%emt 0:00:01]} c6 {[%emt 0:00:01]} 38. Rd7 {[%emt 0:00:01]} c5 {[%emt 0:00:02]} 39. bxc5+ {[%emt 0:00:01]} Kxc5 {[%emt 0:00:00]} 40. Rxh7 {[%emt 0:00:00]} Bf4 {[%emt 0:00:01]} 41. Rd7 {[%emt 0:00:03]} Bg5 {[%emt 0:00:03]} 42. Rg7 {[%emt 0:00:02]} Bf4 {[%emt 0:00:01]} 43. Rg6 {[%emt 0:00:01]} Be5 {[%emt 0:00:01]} 44. h6 {[%emt 0:00:01]} Kd4 {[%emt 0:00:00]} 45. h7 {[%emt 0:00:01]} Kxe4 {[%emt 0:00:00]} 46. h8=Q {[%emt 0:00:01]} f5 {[%emt 0:00:00]} 47. Re6 {[%emt 0:00:01]} Kf4 {[%emt 0:00:02]} 48. Qxe5+ {[%emt 0:00:00]} Kg5 {[%emt 0:00:00]} 49. Rf6 {[%emt 0:00:00]} Kg4 {[%emt 0:00:00]} 50. Rxf5 {[%emt 0:00:00]} Kh3 {[%emt 0:00:01]} 51. Qg7 {[%emt 0:00:01]} Kh4 {[%emt 0:00:01]} 52. Rf6 {[%emt 0:00:00]} Kh5 {[%emt 0:00:01]} 53. Rh6# {[%emt 0:00:00] (Lag: Av=0.69s, max=1.9s)} 1-0

[Event "Stay Safe Play From Home 175"]
[Site "T#646355Emanuel Laske"]
[Date "2020.05.26"]
[Round "1"]
[White "Fischer_11"]
[Black "Eidgenosse"]
[Result "0-1"]
[WhiteElo "1914"]
[BlackElo "2435"]
[Annotator "NA"]
[PlyCount "86"]
[EventDate "2020.05.26"]
[EventType "swiss (blitz)"]

1. e4 {[%emt 0:00:06]} d6 {[%emt 0:00:01]} 2. d4 {[%emt 0:00:01]} Nf6 {[%emt 0:00:01]} 3. Nc3 {[%emt 0:00:00]} e5 {[%emt 0:00:01]} 4. Bg5 {[%emt 0:00:01]} Nbd7 {[%emt 0:00:01]} 5. Nf3 {[%emt 0:00:01]} Be7 {[%emt 0:00:00]} 6. dxe5 {[%emt 0:00:00]} dxe5 {[%emt 0:00:01]} 7. Qd2 {[%emt 0:00:01]} c6 {[%emt 0:00:00]} 8. O-O-O {[%emt 0:00:00]} Qc7 {[%emt 0:00:00]} 9. Kb1 {[%emt 0:00:01]} b5 {[%emt 0:00:01]} 10. a3 {[%emt 0:00:02]} a5 {[%emt 0:00:01]} 11. Bxf6 {[%emt 0:00:04]} Nxf6 {[%emt 0:00:03]} 12. Bd3 {[%emt 0:00:03]} b4 {[%emt 0:00:02]} 13. Na4 {[%emt 0:00:02]} bxa3 {[%emt 0:00:00]} 14. bxa3 {[%emt 0:00:00]} O-O {[%emt 0:00:02]} 15. Bc4 {[%emt 0:00:01]} Bxa3 {[%emt 0:00:02]} 16. Qe3 {[%emt 0:00:01]} Rb8+ {[%emt 0:00:01]} 17. Ka2 {[%emt 0:00:01] Fischer_11 bietet Remis} Be7 {[%emt 0:00:02]} 18. Rb1 {[%emt 0:00:01]} Rb4 {[%emt 0:00:02]} 19. Rxb4 {[%emt 0:00:03]} axb4 {[%emt 0:00:00]} 20. Bb3 {[%emt 0:00:02]} c5 {[%emt 0:00:01]} 21. Rd1 {[%emt 0:00:04]} c4 {[%emt 0:00:02]} 22. Bxc4 {[%emt 0:00:05]} Qxc4+ {[%emt 0:00:00]} 23. Qb3 {[%emt 0:00:00]} Qxb3+ {[%emt 0:00:01]} 24. Kxb3 {[%emt 0:00:00]} Be6+ {[%emt 0:00:01]} 25. Kb2 {[%emt 0:00:02]} Nxe4 {[%emt 0:00:01]} 26. Nxe5 {[%emt 0:00:01]} Nxf2 {[%emt 0:00:01]} 27. Rd2 {[%emt 0:00:02]} Bf6 {[%emt 0:00:00]} 28. Rxf2 {[%emt 0:00:02]} Bxe5+ {[%emt 0:00:00]} 29. Kb1 {[%emt 0:00:02]} Ra8 {[%emt 0:00:01]} 30. Nb2 {[%emt 0:00:01]} Ra2 {[%emt 0:00:02]} 31. Re2 {[%emt 0:00:02]} Rxb2+ {[%emt 0:00:01]} 32. Kc1 {[%emt 0:00:01]} Bc3 {[%emt 0:00:01]} 33. Re5 {[%emt 0:00:00]} Bxe5 {[%emt 0:00:01]} 34. Kd2 {[%emt 0:00:01]} Bc3+ {[%emt 0:00:01]} 35. Ke3 {[%emt 0:00:00]} Rxc2 {[%emt 0:00:01]} 36. Kf3 {[%emt 0:00:00]} b3 {[%emt 0:00:00]} 37. h4 {[%emt 0:00:00]} b2 {[%emt 0:00:00]} 38. h5 {[%emt 0:00:00]} b1=Q {[%emt 0:00:00]} 39. h6 {[%emt 0:00:00]} Qd1+ {[%emt 0:00:00]} 40. Kg3 {[%emt 0:00:01]} Be5+ {[%emt 0:00:01]} 41. Kh4 {[%emt 0:00:00]} Qh1+ {[%emt 0:00:02]} 42. Kg5 {[%emt 0:00:01]} Qxg2+ {[%emt 0:00:01]} 43. Kh5 {[%emt 0:00:01]} Qg4# {[%emt 0:00:01] (Lag: Av=0.33s, max=0.8s)} 0-1

[Event "Stay Safe Play From Home 175"]
[Site "T#646355Emanuel Laske"]
[Date "2020.05.26"]
[Round "1"]
[White "NeatFox"]
[Black "Toosieslide"]
[Result "0-1"]
[WhiteElo "1781"]
[BlackElo "2269"]
[Annotator "TA"]
[PlyCount "84"]
[EventDate "2020.05.26"]
[EventType "swiss (blitz)"]

{[%evp 9,83,85,84,-88,-41,-61,-57,-62,-48,-70,-70,-80,-63,-105,-70,-70,-58,-40,-33,-110,-108,-147,-101,-145,-157,-208,-86,-244,-261,-258,-194,-211,-188,-226,-156,-170,-162,-179,-78,-107,-116,-218,-120,-5256,-2404,-4990,-943,-4894,-3341,-2487,-2268,-4978,-2025,-29991,-1100,-1108,-1091,-1090,-1079,-1313,-1329,-1679,-1681,-1595,-1545,-1527,-1405,-29992,-1119,-29991,-29992,-29999,-29998,-29998,-29999,-29999]} 1. g4 d5 2. Bg2 Bxg4 3. c4 Be6 4. Qb3 Qc8 5. cxd5 Bd7 {[#]} 6. d6 $146 {A00: Irregular Openings.} (6. d4 $16 {keeps the pressure on.}) ({Predecessor:} 6. d4 Nf6 7. Nc3 c6 8. Bf4 e6 9. Rc1 Na6 10. dxe6 Bxe6 11. d5 Bd7 12. a3 {1-0 (40) Czachor,G (2108)-Pawicka,M (1790) Wroclaw 2017}) 6... Nc6 (6... cxd6 {with more complications.} 7. Nc3 Nc6 8. Nf3 Nf6 9. d4 e6) 7. dxe7 Bxe7 8. Nf3 {Black is slightly better.} Nf6 9. Nc3 O-O 10. Rg1 Be6 11. Qc2 Bf5 12. d3 Bg6 13. Bg5 Qe6 {...Nb4 is the strong threat.} 14. Be3 (14. Qb3 $15) 14... Nb4 $36 {[%mdl 2048] Black is on the roll.} 15. Qd1 Nbd5 16. Nxd5 Nxd5 ({Much weaker is} 16... Qxd5 $6 17. Nd2 $11) 17. Nd4 (17. Bd2 $17) 17... Qd7 (17... Nxe3 $19 18. Nxe6 Bb4+ 19. Qd2 Nxg2+ 20. Kd1 Bxd2 21. Nxf8 Rxf8 22. Kxd2 Nf4) 18. Nb3 $2 (18. Bxd5 $17 {was necessary.} Qxd5 19. Qb3 Qxb3 20. Nxb3) 18... Nxe3 $19 19. fxe3 Bb4+ 20. Nd2 Rad8 {aiming for ...Bxd3!} 21. Qb3 Bxd2+ 22. Kxd2 c5 23. Qc4 Rc8 (23... b5 $19 {and Black stays clearly on top.} 24. Qf4 Rfe8) 24. Rac1 b5 25. Qc3 (25. Qd5 $17 {might work better.} Qe7 26. Bh3) 25... c4 (25... Rfe8 $1 $19 26. b3 Qe7) 26. Kc2 $2 {[%mdl 8192]} (26. Qd4 $17 Qc7 27. Bd5) 26... cxd3+ 27. exd3 Qxd3+ {[%mdl 64] Pin} 28. Kb3 Rxc3+ 29. Rxc3 Qd7 30. Rgc1 a5 {( -> ...Qe6+)} 31. a3 a4+ (31... Qe6+ $142 32. Rc4 bxc4+ 33. Ka2 c3+ 34. b3 Qxe3 35. b4 Qe6+ 36. Bd5 Qxd5+ 37. Ka1 Qb3 $1 {[%mdl 576] Double Attack} 38. Rc2 Bxc2 39. bxa5 Qxa3#) 32. Ka2 Qe6+ 33. Ka1 h6 34. Bc6 Rc8 35. Bxb5 Rxc3 36. Rxc3 Qe4 {[%csl Gg6][%cal Re4b1]} 37. Rc1 Qxe3 38. Bxa4 Kh7 (38... Qxc1+ $142 39. Ka2 Bb1+ 40. Kb3 Bd3 41. Bb5 Bxb5 42. Ka2 Bc4+ 43. b3 {[#]} Qc2+ $1 {[%mdl 576] Double Attack} 44. Ka1 Bxb3 45. h4 Qc1#) 39. Ka2 Qxc1 {Black mates.} 40. Bb3 Bb1+ 41. Ka1 Bc2+ 42. Ka2 Qb1# {Accuracy: White = 35%, Black = 61%.} 0-1

[Event "Stay Safe Play From Home 175"]
[Site "T#646355Emanuel Laske"]
[Date "2020.05.26"]
[Round "1"]
[White "Grizzzly"]
[Black "Castlingarrocco"]
[Result "0-1"]
[WhiteElo "1664"]
[BlackElo "2029"]
[Annotator "NA RC"]
[PlyCount "114"]
[EventDate "2020.05.26"]
[EventType "swiss (blitz)"]

1. d4 {[%emt 0:00:01]} d5 {[%emt 0:00:01]} 2. c4 {[%emt 0:00:01]} c6 {[%emt 0:00:00]} 3. Nc3 {[%emt 0:00:01]} e6 {[%emt 0:00:00]} 4. cxd5 {[%emt 0:00:00]} exd5 {[%emt 0:00:00]} 5. Nf3 {[%emt 0:00:01]} f5 {[%emt 0:00:00]} 6. Bf4 {[%emt 0:00:00]} Nf6 {[%emt 0:00:00]} 7. e3 {[%emt 0:00:00]} Bd6 {[%emt 0:00:01]} 8. Bxd6 {[%emt 0:00:02]} Qxd6 {[%emt 0:00:00]} 9. Bd3 {[%emt 0:00:01]} Qe7 {[%emt 0:00:00]} 10. O-O {[%emt 0:00:01]} Ne4 {[%emt 0:00:00]} 11. Qc2 {[%emt 0:00:01]} O-O {[%emt 0:00:01]} 12. Ne5 {[%emt 0:00:01]} Nd7 {[%emt 0:00:01]} 13. Nxd7 {[%emt 0:00:01]} Bxd7 {[%emt 0:00:01]} 14. f3 {[%emt 0:00:00]} Nxc3 {[%emt 0:00:01]} 15. bxc3 {[%emt 0:00:01]} Qxe3+ {[%emt 0:00:00]} 16. Kh1 {[%emt 0:00:00]} Qe7 {[%emt 0:00:01]} 17. Rae1 {[%emt 0:00:02]} Qf7 {[%emt 0:00:01]} 18. Re5 {[%emt 0:00:03]} Rae8 {[%emt 0:00:01]} 19. Rfe1 {[%emt 0:00:01]} Rxe5 {[%emt 0:00:01]} 20. Rxe5 {[%emt 0:00:01]} Re8 {[%emt 0:00:01]} 21. Rxe8+ {[%emt 0:00:04]} Bxe8 {[%emt 0:00:01]} 22. Bxf5 {[%emt 0:00:02]} Qe7 {[%emt 0:00:01]} 23. h4 {[%emt 0:00:05]} g6 {[%emt 0:00:01]} 24. Bd3 {[%emt 0:00:02]} Qxh4+ {[%emt 0:00:03]} 25. Kg1 {[%emt 0:00:01]} Qe1+ {[%emt 0:00:01]} 26. Kh2 {[%emt 0:00:01]} Qh4+ {[%emt 0:00:00]} 27. Kg1 {[%emt 0:00:01]} Qe1+ {[%emt 0:00:00]} 28. Kh2 {[%emt 0:00:01]} Qe7 {[%emt 0:00:00]} 29. Qe2 {[%emt 0:00:02]} Qxe2 {[%emt 0:00:02]} 30. Bxe2 {[%emt 0:00:01]} Bd7 {[%emt 0:00:00]} 31. g4 {[%emt 0:00:00]} Kg7 {[%emt 0:00:01]} 32. Kg3 {[%emt 0:00:00]} Kf6 {[%emt 0:00:00]} 33. f4 {[%emt 0:00:00]} h6 {[%emt 0:00:01]} 34. Bf3 {[%emt 0:00:01]} b6 {[%emt 0:00:01]} 35. Kh4 {[%emt 0:00:01]} a5 {[%emt 0:00:01]} 36. g5+ {[%emt 0:00:00]} hxg5+ {[%emt 0:00:01]} 37. fxg5+ {[%emt 0:00:00]} Ke7 {[%emt 0:00:02]} 38. Bg4 {[%emt 0:00:01]} Be6 {[%emt 0:00:04]} 39. Bxe6 {[%emt 0:00:02]} Kxe6 {[%emt 0:00:00]} 40. Kg4 {[%emt 0:00:01]} c5 {[%emt 0:00:01]} 41. Kf4 {[%emt 0:00:02]} Kd6 {[%emt 0:00:02]} 42. dxc5+ {[%emt 0:00:02]} bxc5 {[%emt 0:00:01]} 43. Ke3 {[%emt 0:00:01]} Ke5 {[%emt 0:00:01]} 44. Kd3 {[%emt 0:00:02]} Kf5 {[%emt 0:00:01]} 45. c4 {[%emt 0:00:01]} d4 {[%emt 0:00:01]} 46. a4 {[%emt 0:00:02]} Kxg5 {[%emt 0:00:01]} 47. Ke4 {[%emt 0:00:01]} Kh4 {[%emt 0:00:00]} 48. Kd5 {[%emt 0:00:01]} g5 {[%emt 0:00:00]} 49. Kxc5 {[%emt 0:00:00]} g4 {[%emt 0:00:00]} 50. Kb6 {[%emt 0:00:01]} g3 {[%emt 0:00:00]} 51. c5 {[%emt 0:00:00]} g2 {[%emt 0:00:00]} 52. c6 {[%emt 0:00:00]} g1=Q {[%emt 0:00:00]} 53. c7 {[%emt 0:00:00]} d3+ {[%emt 0:00:00]} 54. Kb7 {[%emt 0:00:02]} Qb1+ {[%emt 0:00:00]} 55. Kc8 {[%emt 0:00:01]} Qc2 {[%emt 0:00:00]} 56. Kd8 {[%emt 0:00:01]} Qxc7+ {[%emt 0:00:00]} 57. Kxc7 {[%emt 0:00:01]} d2 {[%emt 0:00:00] Zeit (Lag: Av=0.26s, max=0.6s)} 0-1